[Event "Barcelona La Lira op 36th"]
[Site "Barcelona"]
[Date "2018.01.26"]
[Round "2.10"]
[White "Del Villar Sanchiz, Laura"]
[Black "Cabrera Marmol, Manel"]
[Result "0-1"]
[WhiteElo "1700"]
[BlackElo "1843"]
[PlyCount "22"]
[EventDate "2018.01.19"]
[EventType "swiss"]
[EventRounds "8"]
[EventCountry "ESP"]
[SourceTitle "EXT 2024"]
[Source "ChessBase"]
[SourceDate "2023.10.10"]
[SourceVersion "1"]
[SourceVersionDate "2023.10.10"]
[SourceQuality "1"]

1. e4 e5 2. d3 Bc5 3. Nf3 d6 4. d4 exd4 5. Bd3 Nc6 6. 0-0 Bg4 7. Bg5 Bxf3 8. Qxf3 Qxg5 9. h3 Ne5 10. h4 Nxf3+ 11. Kh1 Qxh4# 0-1